000 00616nam a2200217 a 4500
999 _c1167
_d1167
008 191205r19922012ii ad||g |||| 00| 0 eng d
020 _a9780706985672
_cRs. 415.00
040 _aKO
_beng
041 0 _aeng
044 _aii
082 0 4 _223
_a658.4034
_bK8486
100 1 _aKothari, C. R.
245 1 0 _aAn Introduction to Operational Research /
_cC. R. Kothari
250 _a3rd rev. ed.
260 _aNoida :
_bVikas Publishing House Pvt. Ltd. ,
_c1992, reprinted 2012.
300 _axv, 522 p. :
_bill. ;
_c21 cm.
650 0 _aOperations research
_vTextbooks
904 _aA_BOSE
942 _cBK